International economic review

Salvato in:
Dettagli Bibliografici
Natura: Libro
Lingua:Undetermined
Pubblicazione: Washington United states International Trade Commission 1990
Soggetti:
Tags: Aggiungi Tag
Nessun Tag, puoi essere il primo ad aggiungerne! !
Thư viện lưu trữ: Trung tâm Học liệu Trường Đại học Cần Thơ
LEADER 00524nam a2200181Ia 4500
001 CTU_83210
008 210402s9999 xx 000 0 und d
082 |a 337 
082 |b I.61 
245 0 |a International economic review 
260 |a Washington 
260 |b United states International Trade Commission 
260 |c 1990 
526 |a Kinh doanh quốc tế nâng cao 
526 |b KT916 
650 |a Iternational economi 
904 |i Qhieu(sửa) 
980 |a Trung tâm Học liệu Trường Đại học Cần Thơ